|
|
|
|
| LEADER |
00661nab a2200193 i 4500 |
| 001 |
acta27806 |
| 005 |
20210222155436.0 |
| 008 |
161017s1992 hu o 0|| hun d |
| 022 |
|
|
|a 1219-0039
|
| 040 |
|
|
|a SZTE Egyetemi Kiadványok Repozitórium
|b hun
|
| 041 |
|
|
|a hun
|
| 100 |
2 |
|
|a Szabó G. Mária
|
| 245 |
1 |
0 |
|a Egy rendhagyó szülői fórum tapasztalatai
|h [elektronikus dokumentum] /
|c Szabó G. Mária
|
| 260 |
|
|
|c 1992
|
| 300 |
|
|
|a 96-98
|
| 490 |
0 |
|
|a Módszertani közlemények
|v 32 No. 2
|
| 695 |
|
|
|a Neveléstudomány
|
| 700 |
0 |
2 |
|a Sebőkné Józsa Mária
|e aut
|
| 856 |
4 |
0 |
|u http://acta.bibl.u-szeged.hu/27806/1/modszertani_032_002_096-098.pdf
|z Dokumentum-elérés
|